000 00300nam a22001337a 4500
008 170823b xxu||||| |||| 00| 0 eng d
020 _a0471063908
041 _aeng
080 _a51
100 _a38
101 _aMAT
245 _aAPPLIED GEOMETRIC PROGRAMMING
_cPHILIPS.D.T
942 _2udc
_cBK
999 _c24715
_d24715